Výrobcovia mobilov stavili na vysúvacie klávesnice

Módnym hitom sa stávajú mobilné telefóny s vysúvaciou klávesnicou. Porovnanie troch imidžových telefónov Siemens SL65, Samsung SGH-E800 a Panasonic X500

Saved in:
Bibliographic Details
Main Author: Kuruc, Radko
Format: Book Chapter
Language:Slovak
Subjects:
Tags: Add Tag
No Tags, Be the first to tag this record!

MARC

LEADER 00000naa$a2200000$$$4500
001 0058931
005 20231004125438.6
041 0 |a slo 
044 |a SK 
245 1 0 |a Výrobcovia mobilov stavili na vysúvacie klávesnice  |c Radko Kuruc 
520 |a Módnym hitom sa stávajú mobilné telefóny s vysúvaciou klávesnicou. Porovnanie troch imidžových telefónov Siemens SL65, Samsung SGH-E800 a Panasonic X500 
610 2 0 |a telefón mobilný 
100 1 |a Kuruc, Radko